LEADER 04441nam 2200649 a 450 001 9910450931903321 005 20200520144314.0 010 $a1-281-36276-X 010 $a9786611362768 010 $a0-230-60487-0 024 7 $a10.1057/9780230604872 035 $a(CKB)1000000000342418 035 $a(EBL)307681 035 $a(OCoLC)314796155 035 $a(SSID)ssj0001657512 035 $a(PQKBManifestationID)16441500 035 $a(PQKBTitleCode)TC0001657512 035 $a(PQKBWorkID)14988630 035 $a(PQKB)11730445 035 $a(DE-He213)978-0-230-60487-2 035 $a(MiAaPQ)EBC307681 035 $a(Au-PeEL)EBL307681 035 $a(CaPaEBR)ebr10194091 035 $a(CaONFJC)MIL136276 035 $a(OCoLC)567827699 035 $a(EXLCZ)991000000000342418 100 $a20070104d2007 uy 0 101 0 $aeng 135 $aur|n|---||||| 181 $ctxt 182 $cc 183 $acr 200 00$aCommunity media$b[electronic resource] $einternational perspectives /$fedited by Linda K. Fuller 205 $a1st ed. 210 $aNew York $cPalgrave Macmillan$d2007 215 $a1 online resource (273 p.) 300 $aDescription based upon print version of record. 311 $a1-349-53796-9 311 $a1-4039-7794-1 320 $aIncludes bibliographical references and index. 327 $aAboriginal/indigenous experiences. Remote beginnings, metropolitan developments : community and indigenous television in Australia / Elinor Rennie ; (Re)colouring the public broadcasting system in Canada : a case study of the aboriginal peoples television network / Lorna Roth ; Community radio and development : tribal audiences in South India / Yesudhasan Thomas Jayaprakash and Brian Shoesmith ; Media as constructor of ethnic minority identity : a Native American case study / Ritva Levo-Henriksson -- Current case studies. Use of television as a community media by farmers in Bangladesh / M. Abul Kashem ; Restricted opportunities for community broadcasting in Belgium / Frieda Saeys and Tomas Coppens ; Video-identity : images and sounds of citizenship construction in Brazil / Roge?rio Santana Lourenco ; Implications of globalization for community broadcasting in Ghana / Kwasi Ansu-Kyeremeh ; Vox populi or lonely voices in the wasteland of the ionosphere : the case of Israeli community television / Hillel Nossek ; Asian models of community communication, with Kazakhstan as a case study / Saule Barlybaeva and Alma I. Rusetmova ; Top-down community media : a participant observation from Singapore / Linda K. Fuller ; Television to save a language and a culture : the Basque case / Carmelo Garitaonandi?a and Miguel Angel Casado ; The power of participatory community : lessons learned from Bangkokian experience / Parichart Sthapitanonda and Chaiwat Thirapantu ; Civic adventure in Turkey : creation and evolution of TOSAM and the "Radio democracy" project / Dogu Ergil -- Virtual community visions. The architectures of cyberdating : personal advertisement photography and the unworking of community / Eric Freedman ; "Free speech" and U.S. public access producers / John W. Higgins ; Call me impure : myths and paradigms of participatory communication / Alfonso Gumucio Dagron ; The people's communication charter : global communications and people's rights / Cees J. Hamelink ; Multitheoretical approaches to community media : capturing specificity and diversity / Nico Carpentier, Rico Lie, and Jan Servaes ; Conceptualizing community : implications for policymaking in a cyberage / Concetta M. Stewart and Mairi Innes Pileggi. 330 $aDrawing on case studies, this collection offers international perspectives on how community media serves their audiences. The contributors present perspectives on the ever-burgeoning area of grassroots. Their research represents participant observation, hands-on community involvement, boards of directors, content analysis, and ethical inquiries. 606 $aLocal mass media 606 $aCommunication, International 608 $aElectronic books. 615 0$aLocal mass media. 615 0$aCommunication, International. 676 $a302.23 686 $a05.30$2bcl 701 $aFuller$b Linda K$0918831 801 0$bMiAaPQ 801 1$bMiAaPQ 801 2$bMiAaPQ 906 $aBOOK 912 $a9910450931903321 996 $aCommunity media$92096168 997 $aUNINA LEADER 01465cam0-22004931i-450 001 990003809840403321 005 20250729081010.0 010 $a88-420-5302-3 035 $a000380984 035 $aFED01000380984 035 $a(Aleph)000380984FED01 100 $a20030910d1997----km-y0itay50------ba 101 0 $aita 102 $aIT 105 $aa---ac--001yy 200 1 $a<>cittą postmoderna$emagie e paure della metropoli contemporanea$fGiandomenico Amendola 210 $aRoma$aBari$cLaterza$d1997 215 $a272 p.$cill.$d21 cm 225 1 $aBiblioteca di cultura moderna$v1127 320 $aBibliografia: p. 245-258 610 0 $aCittą$aAspetti sociali 610 0 $aMetropoli$aAspetti sociali 610 0 $aCittą postmoderna 610 0 $aComunitą urbane 676 $a307.76 700 1$aAmendola,$bGiandomenico$011341 801 0$aIT$bUNINA$gRICA$2UNIMARC 901 $aBK 912 $a990003809840403321 952 $a307.76 AME 5$b7184$fBFS 952 $a01 D II 43BIS$b3083$fDINST 952 $aA 177 CAN$b2869/749 URB$fDARPU 952 $a660 SEZ. ANDRIELLO$b660$fDARPU 952 $a844 SEZ. ANDRIELLO$b844$fDARPU 952 $aURB.LE B 1425$b8402$fFARBC 952 $aFONDO ROSSI 372$bROSSI 400$fFARBC 952 $aDE FUSCO 851$bRDF 889$fDARST 959 $aDARST 959 $aBFS 959 $aDINST 959 $aDARPU 959 $aFARBC 996 $aCittą postmoderna$9200289 997 $aUNINA